|
|
|
|
| LEADER |
00000nam0a2200000 4500 |
| 001 |
267547 |
| 005 |
20231101234105.0 |
| 020 |
|
|
|a RU
|b 86-99006
|
| 035 |
|
|
|a (RuTPU)RU\TPU\book\290604
|
| 090 |
|
|
|a 267547
|
| 100 |
|
|
|a 20140731d1986 km y0rusy5003 ca
|
| 101 |
0 |
|
|a rus
|
| 102 |
|
|
|a UA
|
| 105 |
|
|
|a y z 000zy
|
| 200 |
1 |
|
|a Социальные отношения: структура и формы проявления
|f Н. Н. Мокляк
|g Академия наук Украинской ССР (АН УССР), Институт философии
|
| 210 |
|
|
|a Киев
|c Наукова думка
|d 1986
|
| 215 |
|
|
|a 205 с.
|
| 606 |
1 |
|
|a Общественные отношения при социализме
|x Философия
|2 stltpush
|3 (RuTPU)RU\TPU\subj\46687
|9 65804
|
| 610 |
1 |
|
|a социальные отношения
|
| 610 |
1 |
|
|a структура
|
| 610 |
1 |
|
|a формы
|
| 610 |
1 |
|
|a проявление
|
| 610 |
1 |
|
|a модификация
|
| 610 |
1 |
|
|a диалектика
|
| 610 |
1 |
|
|a социальная структура
|
| 686 |
|
|
|a Ю6333.3
|2 rubbk
|
| 700 |
|
1 |
|a Мокляк
|b Н. Н.
|g Николай Николаевич
|4 070
|
| 712 |
0 |
2 |
|a Академия наук Украинской ССР (АН УССР)
|b Институт философии
|2 stltpush
|3 (RuTPU)RU\TPU\col\12865
|
| 801 |
|
0 |
|a RU
|b RuMRKP
|c 19950417
|g psbo
|
| 801 |
|
1 |
|a RU
|b 63413507
|c 20140731
|
| 801 |
|
2 |
|a RU
|b 63413507
|c 20210813
|g RCR
|
| 942 |
|
|
|c BK
|